000
00261nam a2200097Ia 4500
001
643129
005
20250826153540.0
008
250824s9999 xx 000 0 und d
245
0
_a
OLIMPOS KAHRAMANLARI 5/ OLIMPOS UN KANI
_c
RICK RIORDAN
260
_b
DOĞAN YAYINLARI
999
_c
643129
_d
643129